000 00290nam a22001217a 4500
008 160422b xxu||||| |||| 00| 0 eng d
020 _a9780135146552
020 _a0135146550
041 _aeng
080 _a618.2
245 _aMental health nursing :
_cKaren Lee Fontaine;
942 _2udc
_cBK
999 _c1526
_d1526